<?xml version="1.0" encoding="UTF-8"?><?xml-stylesheet type="text/xsl" href="static/style.xsl"?><OAI-PMH xmlns="http://www.openarchives.org/OAI/2.0/" xmlns:xsi="http://www.w3.org/2001/XMLSchema-instance" xsi:schemaLocation="http://www.openarchives.org/OAI/2.0/ http://www.openarchives.org/OAI/2.0/OAI-PMH.xsd"><responseDate>2026-04-27T21:28:44Z</responseDate><request verb="GetRecord" identifier="oai:uvadoc.uva.es:10324/54549" metadataPrefix="marc">https://uvadoc.uva.es/oai/request</request><GetRecord><record><header><identifier>oai:uvadoc.uva.es:10324/54549</identifier><datestamp>2022-09-26T07:46:45Z</datestamp><setSpec>com_10324_40357</setSpec><setSpec>com_10324_952</setSpec><setSpec>com_10324_894</setSpec><setSpec>col_10324_40358</setSpec></header><metadata><record xmlns="http://www.loc.gov/MARC21/slim" xmlns:doc="http://www.lyncode.com/xoai" xmlns:xsi="http://www.w3.org/2001/XMLSchema-instance" xmlns:dcterms="http://purl.org/dc/terms/" xsi:schemaLocation="http://www.loc.gov/MARC21/slim http://www.loc.gov/standards/marcxml/schema/MARC21slim.xsd">
<leader>00925njm 22002777a 4500</leader>
<datafield tag="042" ind1=" " ind2=" ">
<subfield code="a">dc</subfield>
</datafield>
<datafield tag="720" ind1=" " ind2=" ">
<subfield code="a">Vázquez Hernández, Amanda</subfield>
<subfield code="e">author</subfield>
</datafield>
<datafield tag="720" ind1=" " ind2=" ">
<subfield code="a">Martínez Plaza, Elena</subfield>
<subfield code="e">author</subfield>
</datafield>
<datafield tag="720" ind1=" " ind2=" ">
<subfield code="a">Fernández Martínez, Itziar</subfield>
<subfield code="e">author</subfield>
</datafield>
<datafield tag="720" ind1=" " ind2=" ">
<subfield code="a">Sobas Abad, Eva María</subfield>
<subfield code="e">author</subfield>
</datafield>
<datafield tag="720" ind1=" " ind2=" ">
<subfield code="a">González García, María Jesús</subfield>
<subfield code="e">author</subfield>
</datafield>
<datafield tag="720" ind1=" " ind2=" ">
<subfield code="a">Enriquez De Salamanca Aladro, Amalia</subfield>
<subfield code="e">author</subfield>
</datafield>
<datafield tag="720" ind1=" " ind2=" ">
<subfield code="a">Ortega, Enrique</subfield>
<subfield code="e">author</subfield>
</datafield>
<datafield tag="720" ind1=" " ind2=" ">
<subfield code="a">López Miguel, Alberto</subfield>
<subfield code="e">author</subfield>
</datafield>
<datafield tag="720" ind1=" " ind2=" ">
<subfield code="a">Calonge, Margarita</subfield>
<subfield code="e">author</subfield>
</datafield>
<datafield tag="260" ind1=" " ind2=" ">
<subfield code="c">2022</subfield>
</datafield>
<datafield tag="520" ind1=" " ind2=" ">
<subfield code="a">Purpose: To describe the clinical characteristics of patients suffering from chronic dry eye (DE) and pain after refractive surgery (RS).&#xd;
&#xd;
Methods: Cross-sectional, observational, single-visit study. DE-, pain- and psychological-related symptoms were evaluated with specific questionnaires. DE-related tests evaluated tear osmolarity, conjunctival hyperemia, Meibomian gland dysfunction, tear stability and production, and ocular surface staining. Corneal mechanical sensitivity (Cochet-Bonnet) was measured pre/post topical anesthesia, and symptomatic variation post-anesthesia (anesthetic challenge test) was recorded. When pain was present, it was further categorized as neuropathic or nociceptive based on published criteria.&#xd;
&#xd;
Results: We recruited 104 patients (39.5 ± 9.5 years). Most, 85.6%, had corneal RS as opposed to intraocular RS. Migraines, anxiety, depression (p &lt; 0.0001), and central sensitization syndromes (p = 0.0214) were more frequent post-RS than pre-RS. Persistent DE-symptoms, severe in 86.5% patients, developed in a range of 0–204 months post-RS. Dryness and pain were the two most frequent symptoms. The only DE-related tests showing abnormal values were tear osmolarity (315.2 ± 17.1 mOsm/L; normal ≤308) and tear break-up time (4.1 ± 2.5 s; normal >7). Corneal sensitivity was 55.4 ± 7.0 mm, and decreased (p &lt; 0.0001) after topical anesthesia, 6.0 ± 10.4 mm. However, it remained pathologically elevated, ≥10 mm in 61 (58.7%) patients. The normal symptomatic post-anesthesia improvement was absent in 58 (55.7%) patients. Ocular pain was present in 82 (78.8%) patients, and it was categorized as neuropathic in 66 (80.5%) of them, 63.5% of the entire cohort.&#xd;
&#xd;
Conclusions: Chronic ocular pain and its neuropathic subtype were diagnosed in 78.8% and 63.5% respectively of patients seeking consultation for persistent symptomatic DE post-RS.</subfield>
</datafield>
<datafield tag="024" ind2=" " ind1="8">
<subfield code="a">The Ocular Surface, 2022,  vol. 26, p.  63-74</subfield>
</datafield>
<datafield tag="024" ind2=" " ind1="8">
<subfield code="a">1542-0124</subfield>
</datafield>
<datafield tag="024" ind2=" " ind1="8">
<subfield code="a">https://uvadoc.uva.es/handle/10324/54549</subfield>
</datafield>
<datafield tag="024" ind2=" " ind1="8">
<subfield code="a">10.1016/j.jtos.2022.07.010</subfield>
</datafield>
<datafield tag="245" ind1="0" ind2="0">
<subfield code="a">Phenotypic characterization of patients developing chronic dry eye and pain after refractive surgery: A cross-sectional study</subfield>
</datafield>
</record></metadata></record></GetRecord></OAI-PMH>